000 00647nam a22002177a 4500
003 UA-OsUOA
001 60266
007 ta
008 20090513b un ||||| |||| 00| 0 ukr d
100 _aСерпенінова Ю.С.
090 _a330(477)
_bС33
942 _cSA
040 _aUA-OsUOA
_bukr
_cUA-OsUOA
_dUA-OsUOA
245 _aОцінка факторів стану ліквідності банків України
300 _aС.19-24
955 _a0
041 _aukr
080 _a330(477)
773 0 _w60252
_tЕкономіка. Фінанси. Право.
_dК.
_d2009
_g2
650 7 _a330 Економіка взагалі
_2UDC
999 _c346030
_d346030